Meistgenutzte Bahnhöfe in Deutschland - Statistiken

Allgemein
  • Dieses Quiz wurde 683 mal gespielt
  • Das Durchschnittsergebnis liegt bei 13 aus 20
Antwortstatistiken
Reisende pro Tag Bahnhof % Korrekt
313.000 Berlin Hauptahnhof
100%
542.000 Hamburg Hauptbahnhof
99%
379.000 München Hauptbahnhof
98%
469.000 Frankfurt am Main Hauptbahnhof
97%
318.000 Köln Hauptbahnhof
97%
313.000 Stuttgart Hauptbahnhof
94%
283.000 Hannover Hauptbahnhof
90%
279.000 Düsseldorf Hauptbahnhof
89%
130.000 Leipzig Hauptbahnhof
89%
199.000 Nürnberg Hauptbahnhof
88%
147.000 Bremen Hauptbahnhof
83%
152.000 Essen Hauptbahnhof
79%
118.000 Mannheim Hauptbahnhof
70%
135.000 Duisburg Hauptbahnhof
63%
193.000 Berlin Gesundbrunnen
29%
171.000 Berlin Südkreuz
28%
228.000 Berlin Ostkreuz
19%
256.000 Berlin Friedrichstraße
14%
155.000 Berlin Alexanderplatz
13%
163.000 München Marienplatz
3%
Keine übereinstimmenden Quizze gefunden
Verteilung der Resultate
Anzahl Personen mit jedem Resultat
Perzentil nach korrekt beantworteten Fragen
Ihre Resultats-Entwicklung
Sie haben dieses Quiz noch nicht gespielt